000 00338nam a22001097a 4500
008 130415b xxu||||| |||| 00| 0 eng d
010 _a2010043475
020 _a978470261231
_cAvalable
050 _a615.19SET
_b002337
245 _aSystems Biology in Drug Discovery and Development
_cDaniel L.Young
260 _aNew Jersey
_bJohn Wiley & Sons
_c2012
999 _c23374
_d23374